[Event "Wch U20 59th"]
[Site "Cala Gonone"]
[Date "2022.10.21"]
[Round "10"]
[White "Carlo, Emanuele"]
[Black "Veiga, Jose Francisco RP"]
[Result "0-1"]
[WhiteElo "2306"]
[BlackElo "2409"]
[PlyCount "120"]
[EventDate "2022.10.12"]
[EventType "swiss"]
[EventRounds "11"]
[EventCountry "ITA"]
[SourceTitle "CBM 210 Extra"]
[Source "ChessBase"]
[SourceDate "2022.11.30"]
[SourceVersion "1"]
[SourceVersionDate "2022.11.30"]
[SourceQuality "1"]

1. e4 e5 2. Nc3 Nc6 3. g3 Nf6 4. Bg2 Bc5 5. Nge2 a6 6. 0-0 d6 7. d3 Ba7 8. h3 Bd7 9. Kh1 Qc8 10. Kh2 h5 11. Nd5 Qd8 12. Nec3 Nxd5 13. Nxd5 h4 14. g4 Nd4 15. f4 c6 16. Nc3 Qe7 17. f5 0-0-0 18. Be3 Kb8 19. Qd2 f6 20. a4 Be8 21. b4 Qc7 22. Rfb1 Ka8 23. Nd1 Bf7 24. Qf2 c5 25. b5 Bb6 26. a5 Bxa5 27. bxa6 b5 28. Bxd4 cxd4 29. Rxb5 Bb6 30. c4 Rb8 31. Rab1 Be8 32. R5b3 Bc6 33. Qe1 Ba5 34. Rxb8+ Rxb8 35. Rxb8+ Kxb8 36. Qxh4 Bd2 37. Qf2 Qa5 38. h4 Ka7 39. Bf3 Be1 40. Qe2 Bxh4 41. Nf2 Kxa6 42. Kh3 Bg5 43. Nd1 Bd2 44. Qf1 Qa1 45. Be2 Ba4 46. Kg2 Ka5 47. Qh1 Kb4 48. Qf1 Bc2 49. Kg3 Bf4+ 50. Kg2 Qc1 51. Qe1+ Bd2 52. Qf1 Kb3 53. Qh1 Bg5 54. Qf1 Qd2 55. Kg3 Bxd1 56. Bxd1+ Kc3 57. Be2 Qf4+ 58. Qxf4 Bxf4+ 59. Kf3 Kd2 60. Bf1 Be3 0-1

[Event "Wch U20 59th"]
[Site "Cala Gonone"]
[Date "2022.10.15"]
[Round "5"]
[White "Ghimpu, Samuel Timotei"]
[Black "Carlo, Emanuele"]
[Result "1-0"]
[WhiteElo "2434"]
[BlackElo "2306"]
[PlyCount "81"]
[EventDate "2022.10.12"]
[EventType "swiss"]
[EventRounds "11"]
[EventCountry "ITA"]
[SourceTitle "CBM 210 Extra"]
[Source "ChessBase"]
[SourceDate "2022.11.30"]
[SourceVersion "1"]
[SourceVersionDate "2022.11.30"]
[SourceQuality "1"]

1. d4 Nf6 2. c4 e6 3. Nc3 d5 4. cxd5 Nxd5 5. e4 Nxc3 6. bxc3 c5 7. Rb1 Be7 8. Nf3 0-0 9. h4 Nc6 10. Be2 b6 11. h5 Bb7 12. h6 g6 13. 0-0 Na5 14. Bd3 Rc8 15. Qe2 Qc7 16. Be3 Bd6 17. Rbc1 Bf4 18. e5 Bxe3 19. fxe3 Bxf3 20. Qxf3 Qe7 21. Qg3 Nc6 22. a4 Nb8 23. Ra1 c4 24. Be4 a5 25. Rab1 Qc7 26. Qf3 Nd7 27. Bb7 Rb8 28. Bc6 f5 29. Bb5 Rf7 30. Qe2 Nf8 31. Bxc4 Qe7 32. d5 Qa3 33. dxe6 Re7 34. Qd3 Rc8 35. Qd6 Qc5 36. Kf2 f4 37. Qxc5 Rxc5 38. Ba2 Rxc3 39. Rfc1 Ra3 40. Bd5 Rd3 41. e4 1-0

[Event "Bassano del Grappa Easter op-A 2nd"]
[Site "Bassano del Grappa"]
[Date "2022.04.16"]
[Round "6"]
[White "Poschadel, Andreas Gregor"]
[Black "Carlo, Emanuele"]
[Result "1/2-1/2"]
[WhiteElo "2081"]
[BlackElo "2296"]
[PlyCount "203"]
[EventDate "2022.04.14"]
[EventType "swiss"]
[EventRounds "9"]
[EventCountry "ITA"]
[SourceTitle "EXT 2024"]
[Source "ChessBase"]
[SourceDate "2023.10.10"]
[SourceVersion "1"]
[SourceVersionDate "2023.10.10"]
[SourceQuality "1"]

1. d4 Nf6 2. Nf3 e6 3. Bf4 c5 4. e3 Be7 5. c3 0-0 6. Nbd2 cxd4 7. exd4 b6 8. Bd3 Bb7 9. 0-0 d6 10. Re1 Nbd7 11. h3 Re8 12. a4 a6 13. Ne4 Nxe4 14. Bxe4 Bxe4 15. Rxe4 Nf6 16. Re1 Qc7 17. Qb3 Qc6 18. Bh2 h6 19. Nd2 Rec8 20. Nf1 Nd5 21. Ne3 Nxe3 22. Rxe3 d5 23. Be5 b5 24. Rg3 g6 25. Qc2 Qe8 26. Re3 b4 27. Qb3 Rc4 28. cxb4 Bxb4 29. Rd3 a5 30. Bf4 Kg7 31. Rdd1 Rac8 32. Qf3 f6 33. Bd2 Bxd2 34. Rxd2 Rxa4 35. Re1 Rac4 36. Rde2 Rc1 37. Qb3 a4 38. Qb7+ R8c7 39. Qa6 Rxe1+ 40. Rxe1 Qc6 41. Qa5 Rb7 42. Qa8 Rb6 43. Qa7+ Rb7 44. Qa8 Rb6 45. Qa7+ Qb7 46. Qxa4 Kf7 47. Qa3 Rb3 48. Qd6 Qe7 49. Qf4 g5 50. Qd2 Qb7 51. Qc2 f5 52. Qe2 Rb6 53. Qh5+ Kg7 54. Qe8 Qf7 55. Qc8 f4 56. Rc1 Rb7 57. f3 Qd7 58. Qc2 Qd6 59. Re1 Qb6 60. Qc3 Qxb2 61. Qxb2 Rxb2 62. Rxe6 Rd2 63. Rd6 Rxd4 64. h4 Rd2 65. hxg5 hxg5 66. Kf1 d4 67. Ke1 Rxg2 68. Rxd4 Kg6 69. Rd8 Ra2 70. Kf1 Ra6 71. Kg2 Ra2+ 72. Kg1 Ra6 73. Kg2 Re6 74. Rf8 Rf6 75. Ra8 Rc6 76. Rf8 Rc5 77. Kf2 Rc2+ 78. Kg1 Kh5 79. Rh8+ Kg6 80. Rf8 Rc7 81. Kg2 Rd7 82. Kf2 Rb7 83. Kg2 Rf7 84. Ra8 Re7 85. Rf8 Re5 86. Kf2 Kg7 87. Ra8 Rd5 88. Rb8 Kf6 89. Rc8 Re5 90. Ra8 Ke6 91. Ra6+ Kd5 92. Ra5+ Kd4 93. Ra4+ Kc3 94. Ra3+ Kb4 95. Ra8 Rd5 96. Ke2 Re5+ 97. Kf2 Rc5 98. Kg2 Kc4 99. Kh3 Kd3 100. Kg4 Ke3 101. Ra3+ Ke2 102. Ra2+ 1/2-1/2

[Event "Bassano del Grappa Easter op-A 1st"]
[Site "Bassano del Grappa"]
[Date "2021.04.05"]
[Round "9"]
[White "Carlo, Emanuele"]
[Black "Dardha, Daniel"]
[Result "0-1"]
[WhiteElo "2282"]
[BlackElo "2516"]
[PlyCount "80"]
[EventDate "2021.04.01"]
[EventType "swiss"]
[EventRounds "9"]
[EventCountry "ITA"]
[SourceTitle "CBM 201 Extra"]
[Source "ChessBase"]
[SourceDate "2021.05.31"]
[SourceVersion "1"]
[SourceVersionDate "2021.05.31"]
[SourceQuality "1"]

1. e4 c5 2. Nf3 Nc6 3. Nc3 g6 4. Bb5 Bg7 5. 0-0 e5 6. d3 Nge7 7. a3 0-0 8. Bc4 d6 9. Bg5 Kh8 10. Qd2 Bg4 11. Ne1 Be6 12. Rb1 Qd7 13. Nd5 f6 14. Bh6 Bxh6 15. Qxh6 Bxd5 16. exd5 Nd4 17. Qd2 b5 18. Ba2 a5 19. c3 Ndf5 20. Nc2 Qb7 21. d4 exd4 22. cxd4 c4 23. a4 Nxd5 24. axb5 Qxb5 25. Na3 Qb4 26. Nxc4 Qxd2 27. Nxd2 Nb4 28. Bc4 d5 29. Be2 Nxd4 30. Bf3 Rfc8 31. Rfd1 Rc2 32. Nf1 Nxf3+ 33. gxf3 Kg7 34. Ne3 Rc5 35. Ra1 Rac8 36. Kg2 f5 37. f4 Re8 38. Ra4 Re4 39. Rda1 Nc6 40. b3 Kf7 0-1

[Event "Bassano del Grappa Easter op-A 1st"]
[Site "Bassano del Grappa"]
[Date "2021.04.02"]
[Round "4"]
[White "Carlo, Emanuele"]
[Black "Sonis, Francesco"]
[Result "1/2-1/2"]
[WhiteElo "2282"]
[BlackElo "2493"]
[PlyCount "103"]
[EventDate "2021.04.01"]
[EventType "swiss"]
[EventRounds "9"]
[EventCountry "ITA"]
[SourceTitle "CBM 201 Extra"]
[Source "ChessBase"]
[SourceDate "2021.05.31"]
[SourceVersion "1"]
[SourceVersionDate "2021.05.31"]
[SourceQuality "1"]

1. e4 e6 2. d4 d5 3. Nd2 c5 4. Ngf3 cxd4 5. Nxd4 Nf6 6. Bd3 Bc5 7. N4b3 dxe4 8. Nxe4 Nxe4 9. Bxe4 Qxd1+ 10. Kxd1 Bb6 11. f4 Nd7 12. Bd2 Nf6 13. Bf3 Bc7 14. Ke2 Rb8 15. g3 0-0 16. Be3 b6 17. Nd4 Bd7 18. a4 a6 19. Nc6 Bxc6 20. Bxc6 Rfc8 21. Bf3 e5 22. fxe5 Bxe5 23. c3 Re8 24. Kf2 b5 25. Ba7 Rbc8 26. axb5 axb5 27. Rae1 Re7 28. Be3 h6 29. Bf4 Rce8 30. Bxe5 Rxe5 31. Rxe5 Rxe5 32. Ra1 Kf8 33. Ra5 Rc5 34. Be2 Ne4+ 35. Ke3 Nd6 36. Kd4 Rf5 37. c4 bxc4 38. Rxf5 Nxf5+ 39. Kxc4 Ke7 40. Kc5 Nd6 41. Bf3 f5 42. b4 g5 43. b5 Nxb5 44. Kxb5 g4 45. Be2 Kf6 46. Kc4 Kg5 47. Kd4 f4 48. Ke4 fxg3 49. hxg3 h5 50. Ke3 h4 51. gxh4+ Kxh4 52. Bxg4 1/2-1/2

[Event "ITA-ch Online U20 Qual GpB"]
[Site "Premium Chess Arena INT"]
[Date "2020.11.18"]
[Round "3.2"]
[White "Carlo, Emanuele"]
[Black "Bettalli, Francesco"]
[Result "1-0"]
[WhiteElo "2288"]
[BlackElo "2232"]
[PlyCount "59"]
[EventDate "2020.11.18"]
[EventType "tourn (rapid)"]
[EventRounds "7"]
[EventCountry "ITA"]
[SourceTitle "CBM 199 Extra"]
[Source "ChessBase"]
[SourceDate "2021.01.31"]
[SourceVersion "1"]
[SourceVersionDate "2021.01.31"]
[SourceQuality "1"]

1. e4 e5 2. Nf3 Nc6 3. Bc4 Nf6 4. d3 h6 5. a4 d6 6. a5 a6 7. c3 g5 8. Qb3 Qe7 9. Nbd2 Bg7 10. Nf1 0-0 11. Ne3 Qd8 12. Rg1 Ne7 13. g4 c6 14. Qc2 d5 15. Bb3 Ng6 16. Nf5 Nf4 17. Bxf4 exf4 18. e5 Re8 19. 0-0-0 Nd7 20. d4 f6 21. exf6 Nxf6 22. Nxg7 Kxg7 23. Ne5 Qe7 24. Rge1 Kg8 25. Nxc6 Qxe1 26. Qg6+ Kf8 27. Qxf6+ Kg8 28. Rxe1 Rxe1+ 29. Kd2 Re6 30. Bxd5 1-0

[Event "Spilimbergo op 18th"]
[Site "Spilimbergo"]
[Date "2020.08.12"]
[Round "6"]
[White "Carlo, Emanuele"]
[Black "Palozza, Christian"]
[Result "1/2-1/2"]
[WhiteElo "2255"]
[BlackElo "2221"]
[PlyCount "107"]
[EventDate "2020.08.09"]
[EventType "swiss"]
[EventRounds "9"]
[EventCountry "ITA"]
[SourceTitle "CBM 197 Extra"]
[Source "ChessBase"]
[SourceDate "2020.09.30"]
[SourceVersion "1"]
[SourceVersionDate "2020.09.30"]
[SourceQuality "1"]

1. e4 e6 2. d4 d5 3. Nd2 c5 4. exd5 Qxd5 5. dxc5 Bxc5 6. Ngf3 Nf6 7. Bc4 Qd7 8. 0-0 0-0 9. a3 Rd8 10. Qe2 Nc6 11. Ne4 Be7 12. Bg5 Qc7 13. Rad1 b6 14. Rxd8+ Nxd8 15. Nxf6+ Bxf6 16. Bxf6 gxf6 17. Qe4 Bb7 18. Qg4+ Kf8 19. Bd3 f5 20. Qh5 Bxf3 21. Qxf3 Nc6 22. Qh5 Kg7 23. Qg5+ Kh8 24. Qf6+ Kg8 25. Re1 Qe7 26. Qc3 Qc5 27. Qf6 Qe7 28. Qc3 Qc5 29. Qxc5 bxc5 30. Bb5 Rc8 31. Rd1 Nd4 32. Bd3 Rb8 33. c3 Nb3 34. Kf1 Kg7 35. Ke2 Kf6 36. f4 Rg8 37. g3 Rb8 38. a4 Na5 39. Bb5 a6 40. b4 cxb4 41. cxb4 Nb3 42. Bxa6 Rxb4 43. Bb5 Nd4+ 44. Ke3 Nxb5 45. axb5 Rxb5 46. Rd8 Rb2 47. h3 Rh2 48. h4 Ra2 49. Rh8 Kg7 50. Re8 Ra5 51. Kf3 Kf6 52. Rh8 Kg7 53. Re8 Kf6 54. Rh8 1/2-1/2

[Event "Veneto-ch qf 79th"]
[Site "Padova"]
[Date "2020.02.22"]
[Round "3.5"]
[White "Carlo, Emanuele"]
[Black "Belli, Giorgio"]
[Result "1-0"]
[WhiteElo "2223"]
[BlackElo "2142"]
[PlyCount "73"]
[EventDate "2020.02.21"]
[EventType "swiss"]
[EventRounds "3"]
[EventCountry "ITA"]
[SourceTitle "EXT 2024"]
[Source "ChessBase"]
[SourceDate "2023.10.10"]
[SourceVersion "1"]
[SourceVersionDate "2023.10.10"]
[SourceQuality "1"]

1. e4 c5 2. Nf3 d6 3. d4 cxd4 4. Nxd4 Nf6 5. Nc3 a6 6. h3 h5 7. Bg5 e6 8. Be2 Be7 9. f4 Nbd7 10. 0-0 Qb6 11. Kh1 Qxb2 12. Qd2 Qb6 13. f5 e5 14. Nb3 Qc7 15. Rf3 b5 16. a4 b4 17. Bxf6 Nxf6 18. Nd5 Nxd5 19. exd5 Bb7 20. Rd1 a5 21. c3 bxc3 22. Rxc3 Qd8 23. Bb5+ Kf8 24. Qf2 Bg5 25. Bc6 Bxc6 26. dxc6 Qc7 27. Rd5 Ke7 28. Rb5 Rhb8 29. Nd2 Bxd2 30. Qxd2 Rxb5 31. axb5 Rb8 32. Qg5+ Kf8 33. Rg3 Rxb5 34. Qxg7+ Ke7 35. Qg5+ Ke8 36. f6 Qxc6 37. Qg8+ 1-0

[Event "Trieste op 21st"]
[Site "Trieste"]
[Date "2019.09.07"]
[Round "9"]
[White "Carlo, Emanuele"]
[Black "Barp, Alberto"]
[Result "0-1"]
[WhiteElo "2167"]
[BlackElo "2411"]
[PlyCount "58"]
[EventDate "2019.08.31"]
[EventType "swiss"]
[EventRounds "9"]
[EventCountry "ITA"]
[SourceTitle "EXT 2020"]
[Source "ChessBase"]
[SourceDate "2019.10.17"]
[SourceVersion "1"]
[SourceVersionDate "2019.10.17"]
[SourceQuality "1"]

1. e4 e5 2. Nf3 Nc6 3. Bc4 Bc5 4. d3 Nf6 5. 0-0 a6 6. c3 Ba7 7. a4 h6 8. Nbd2 d6 9. h3 g5 10. b4 g4 11. hxg4 Nxg4 12. Nb3 Qf6 13. b5 Ne7 14. d4 Rg8 15. Re1 Ng6 16. Bf1 Nh4 17. Nbd2 Be6 18. Bb2 Ng6 19. c4 exd4 20. a5 Nf4 21. g3 Qg7 22. Nh4 Nxf2 23. Qf3 N2h3+ 24. Kh2 Bg4 25. Qb3 Qg5 26. e5 d3 27. Ne4 Bg1+ 28. Kh1 Qxh4 29. Bxh3 Qxh3+ 0-1

[Event "Trieste op 21st"]
[Site "Trieste"]
[Date "2019.09.04"]
[Round "6"]
[White "Sarkar, Justin"]
[Black "Carlo, Emanuele"]
[Result "1/2-1/2"]
[WhiteElo "2357"]
[BlackElo "2167"]
[PlyCount "56"]
[EventDate "2019.08.31"]
[EventType "swiss"]
[EventRounds "9"]
[EventCountry "ITA"]
[SourceTitle "EXT 2020"]
[Source "ChessBase"]
[SourceDate "2019.10.17"]
[SourceVersion "1"]
[SourceVersionDate "2019.10.17"]
[SourceQuality "1"]

1. d4 Nf6 2. c4 e6 3. Nc3 d5 4. cxd5 Nxd5 5. e4 Nxc3 6. bxc3 c5 7. Nf3 cxd4 8. cxd4 Bb4+ 9. Bd2 Bxd2+ 10. Qxd2 0-0 11. Bd3 b6 12. 0-0 Bb7 13. Rfd1 Nd7 14. d5 Nc5 15. Qf4 Qf6 16. Qxf6 gxf6 17. Bc4 Rfe8 18. Nd4 a6 19. f3 Rac8 20. dxe6 fxe6 21. Nf5 Rcd8 22. Nd6 Re7 23. Nxb7 Rxd1+ 24. Rxd1 Rxb7 25. Rd8+ Kf7 26. Rh8 Kg7 27. Ra8 b5 28. Rc8 bxc4 1/2-1/2

[Event "Trieste op 21st"]
[Site "Trieste"]
[Date "2019.09.03"]
[Round "5"]
[White "Carlo, Emanuele"]
[Black "Favaloro, Andrea"]
[Result "1/2-1/2"]
[WhiteElo "2167"]
[BlackElo "2354"]
[PlyCount "24"]
[EventDate "2019.08.31"]
[EventType "swiss"]
[EventRounds "9"]
[EventCountry "ITA"]
[SourceTitle "EXT 2020"]
[Source "ChessBase"]
[SourceDate "2019.10.17"]
[SourceVersion "1"]
[SourceVersionDate "2019.10.17"]
[SourceQuality "1"]

1. e4 e5 2. Nf3 Nc6 3. Nc3 Nf6 4. a3 d5 5. Bb5 Nxe4 6. Qe2 Qd6 7. Nxe4 dxe4 8. Qxe4 Bd7 9. d4 0-0-0 10. dxe5 Nxe5 11. Bxd7+ Nxd7 12. 0-0 Nf6 1/2-1/2

[Event "ITA-ch sf"]
[Site "Spoleto"]
[Date "2019.07.28"]
[Round "9"]
[White "Carlo, Emanuele"]
[Black "Bifulco, Michel"]
[Result "1/2-1/2"]
[WhiteElo "2225"]
[BlackElo "2266"]
[PlyCount "63"]
[EventDate "2019.07.20"]
[EventType "swiss"]
[EventRounds "9"]
[EventCountry "ITA"]
[SourceTitle "EXT 2020"]
[Source "ChessBase"]
[SourceDate "2019.10.17"]
[SourceVersion "1"]
[SourceVersionDate "2019.10.17"]
[SourceQuality "1"]

1. e4 c5 2. Nf3 Nc6 3. d4 cxd4 4. Nxd4 Nf6 5. Nc3 e5 6. Ndb5 d6 7. Bg5 a6 8. Na3 b5 9. Nd5 Be7 10. Bxf6 Bxf6 11. c4 b4 12. Nc2 0-0 13. g3 Bg5 14. Bg2 Be6 15. 0-0 Qa5 16. b3 Ra7 17. Kh1 Qc5 18. f4 exf4 19. gxf4 Bh6 20. Nce3 a5 21. Qh5 Kh8 22. Nf5 Bxf5 23. exf5 Ne7 24. f6 Nxd5 25. Bxd5 Qd4 26. fxg7+ Qxg7 27. Rad1 Qf6 28. Rd3 Qg6 29. Rh3 Qxh5 30. Rxh5 Bg7 31. Rf3 Bd4 32. Rfh3 1/2-1/2

[Event "ITA-ch sf"]
[Site "Spoleto"]
[Date "2019.07.22"]
[Round "3"]
[White "Carlo, Emanuele"]
[Black "Di Benedetto, Edoardo"]
[Result "0-1"]
[WhiteElo "2225"]
[BlackElo "2414"]
[PlyCount "76"]
[EventDate "2019.07.20"]
[EventType "swiss"]
[EventRounds "9"]
[EventCountry "ITA"]
[SourceTitle "EXT 2020"]
[Source "ChessBase"]
[SourceDate "2019.10.17"]
[SourceVersion "1"]
[SourceVersionDate "2019.10.17"]
[SourceQuality "1"]

1. e4 e6 2. d4 d5 3. Bd3 dxe4 4. Bxe4 Nf6 5. Bf3 c5 6. Ne2 Nc6 7. Be3 cxd4 8. Nxd4 Ne5 9. 0-0 Be7 10. Nc3 0-0 11. Ndb5 a6 12. Nd4 Nc4 13. Bc1 Qc7 14. Qe2 e5 15. Nb3 Be6 16. Re1 Bb4 17. Nd2 Nxb2 18. Bxb2 Bxc3 19. Bxc3 Qxc3 20. Bxb7 Ra7 21. Ne4 Nxe4 22. Qxe4 g6 23. Qc6 Qxc6 24. Bxc6 Rc8 25. Ba4 Rc5 26. f3 Bf5 27. Re2 Rac7 28. Rc1 Kg7 29. Bb3 a5 30. g4 Bd7 31. a4 Rc3 32. Rce1 Rxf3 33. Rxe5 Bxg4 34. Rxa5 Bf5 35. Re2 Rfc3 36. Rb5 Bxc2 37. Bxc2 Rxc2 38. Rb2 R2c4 0-1